Life management skills VII : (Record no. 446)
[ view plain ]
| 000 -LEADER | |
|---|---|
| fixed length control field | 01208cam a2200289 a 4500 |
| 003 - CONTROL NUMBER IDENTIFIER | |
| control field | data |
| 005 - DATE AND TIME OF LATEST TRANSACTION | |
| control field | 20260322212020.0 |
| 008 - FIXED-LENGTH DATA ELEMENTS--GENERAL INFORMATION | |
| fixed length control field | data |
| 010 ## - LIBRARY OF CONGRESS CONTROL NUMBER | |
| LC control number | 2002100042 |
| 020 ## - INTERNATIONAL STANDARD BOOK NUMBER | |
| International Standard Book Number | 1893277089 |
| 020 ## - INTERNATIONAL STANDARD BOOK NUMBER | |
| International Standard Book Number | 9781893277083 |
| 040 ## - CATALOGING SOURCE | |
| Original cataloging agency | VET |
| Transcribing agency | VET |
| Modifying agency | JCU |
| -- | AKC |
| -- | OCLCQ |
| -- | JCU |
| 042 ## - AUTHENTICATION CODE | |
| Authentication code | lccopycat |
| 050 04 - LIBRARY OF CONGRESS CALL NUMBER | |
| Classification number | HQ2037 |
| Item number | .K677 |
| 096 ## - LOCALLY ASSIGNED NLM-TYPE CALL NUMBER (OCLC) | |
| Classification number | WM 450.5 O2 K84L 2002 |
| 001 - CONTROL NUMBER | |
| control field | data |
| 100 1# - MAIN ENTRY--PERSONAL NAME | |
| Personal name | Korb-Khalsa, Kathy L., |
| Dates associated with a name | 1958- |
| 245 10 - TITLE STATEMENT | |
| Title | Life management skills VII : |
| Remainder of title | reproducible activity handouts created for facilitators / |
| Statement of responsibility, etc. | Kathy L. Korb-Khalsa & Estelle A. Leutenberg. |
| 246 3# - VARYING FORM OF TITLE | |
| Title proper/short title | Life management skills 7. |
| 246 3# - VARYING FORM OF TITLE | |
| Title proper/short title | Life management skills seven. |
| 260 ## - PUBLICATION, DISTRIBUTION, ETC. | |
| Place of publication, distribution, etc. | Plainview, N.Y. : |
| Name of publisher, distributor, etc. | Wellness Reproductions & Pub., |
| Date of publication, distribution, etc. | c2002. |
| 300 ## - PHYSICAL DESCRIPTION | |
| Extent | 59 p. : |
| Other physical details | ill. ; |
| Dimensions | 28 cm. |
| 500 ## - GENERAL NOTE | |
| General note | "A sampler collection of-- activities of daily living, anxiety, communication, coping skills, emotions, goals, leisure, money management, productive/work activities, recovery, relapse prevention, relationships, responsibility, self-esteem, skill development, social skills, spirituality, time management." |
| 650 #0 - SUBJECT ADDED ENTRY--TOPICAL TERM | |
| Topical term or geographic name entry element | Life skills |
| Form subdivision | Handbooks, manuals, etc. |
| 650 #0 - SUBJECT ADDED ENTRY--TOPICAL TERM | |
| Topical term or geographic name entry element | Self-help techniques. |
| 700 1# - ADDED ENTRY--PERSONAL NAME | |
| Personal name | Leutenberg, Estelle A. |
| Withdrawn status | Lost status | Damaged status | Not for loan | Home library | Current library | Shelving location | Date acquired | Total checkouts | Full call number | Barcode | Date last seen | Price effective from | Koha item type |
|---|---|---|---|---|---|---|---|---|---|---|---|---|---|
| Franklin | Franklin | General stacks | 22/03/2026 | HQ2037 .K677 | BC0010457 | 22/03/2026 | 22/03/2026 | Books |